000 00310nam a22001457a 4500
008 221114b ||||| |||| 00| 0 eng d
020 _a9780132464970
041 _aeng
080 _a51
082 _a51
100 _a22
101 _aMATE
245 _aEINSTEIN'S RELATIVITY
_cROBINSON E
942 _2udc
_cBK
999 _c58875
_d58875